Defensa del Barbadiño en obsequio de la verdad

Bewaard in:
Bibliografische gegevens
Hoofdauteur: Maymo y Ribes, Joseph (autor)
Formaat: Boek
Taal:Spaans
Gepubliceerd in: Madrid Joachim Ibarra 1758
Editie:1a. ed
Onderwerpen:
Tags: Voeg label toe
Geen labels, Wees de eerste die dit record labelt!

MARC

LEADER 00000nam a2200000 a 4500
001 UCJ8661
003 CL-VaPUC
008 070124e17580000SP |||||||||||||||||spa|d
082 0 4 |a 090  |b MAY  |2 21 
100 |a Maymo y Ribes, Joseph  |e autor  |9 517554 
245 1 0 |a Defensa del Barbadiño en obsequio de la verdad 
250 |a 1a. ed 
300 |a 141 p 
942 |c BK 
945 |d 20070124 00:00:00  |a rinostro 
260 |a Madrid  |b Joachim Ibarra  |c 1758 
500 |a Inpugnación del libro del Padre Isla, Fray Gerundio de Campazas, en donde éste critica la forma que ha adoptado la oratoria sagrada. Maymó, le critica a su vez, el haber tomado sus ideas del libro de Luis Antonio de Verney, conocido como el Barbadiño, o Barbadinho por ser portugués 
500 |a Se encuentra empastado junto a otras monografías en un volumen sin rotular 
600 0 7 |a ISLA, JOSE DE  |2 CL-VaPUC  |9 517555 
600 0 7 |a VERNEY, LUIS ANTONIO DE  |2 CL-VaPUC  |9 517556 
600 0 7 |a BARBADIÑO, P  |2 CL-VaPUC  |9 517557 
650 0 |a Crítica literaria   |9 269189 
650 0 |a Oratoria sagrada  |9 315619 
650 0 |a Homilética  |9 478090 
650 0 |a Jesuitas  |9 268366 
583 |a last modification  |c 20070124 00:00:00  |k Rodrigo Vera 
999 |c 324331  |d 324329 
952 |0 0  |1 0  |4 0  |6 090_000000000000000_MAY_1758  |7 0  |8 X  |9 404422  |a FDOBUD  |b FDOBUD  |d 2019-11-22  |i 1081918  |o 090 MAY 1758  |p 1081918  |r 2019-11-22  |w 2019-11-22  |y BK_X  |k BUD